000
00244nam a22001097a 4500
082
_a
823
_b
BRO/S
100
_a
BROWN, MARGARET WISE
245
_a
THE SAILOR DOG
246
_a
THE SAILOR DOG
_b
THE SAILOR DOG
650
_a
ENGLISH STORY
942
_c
BK
999
_c
8827
_d
8827